000 00367nam a2200157Ia 4500
008 230917s9999||||xx |||||||||||||| ||und||
040 _e95370
_aMAIN
041 _aEnglish
082 _a843.4 V889A:C
100 _aVoltaire
245 0 _aCandid or optimism
250 _a2nd ed.
260 _aNew York
_bW W Norton
_c1991
300 _aviii, 208 p.
942 _cBK
999 _c113629
_d113629